Estudio potencial paisajístico y planeamiento territorial para un desarrollo turístico sustentable en la comarca rural los Fierros, municipio del crucero, departamento de Managua
Estudio el potencial paisajístico y un planeamiento preliminar territorial, presenta una caracterización general del territorio en cuanto a su ubicación condicionante de surgimiento y diagnóstico de potencialidades que posibilite elaborar los lineamientos para el mejoramiento de la calidad ambie...
| Main Authors: | , |
|---|---|
| Other Authors: | |
| Format: | Tesis Section = Libro |
| Language: | Undetermined Spanish |
| Published: |
Managua
UNI
2013
|
| Subjects: |
| LEADER | 01335nam a2200241Ia 4500 | ||
|---|---|---|---|
| 008 | 240830s9999 xx 000 0 und d | ||
| 040 | |a BIBLIOTECA-RUSB/ T.Mon 711.4 C149 | ||
| 041 | |a spa | ||
| 082 | |a T.Mon 711.4 C149 | ||
| 100 | 1 | |a Calero Sequeira, Isabel del Carmen | |
| 100 | 1 | |b Herrera Balladares, Frank Eliécer | |
| 245 | 1 | 0 | |a Estudio potencial paisajístico y planeamiento territorial para un desarrollo turístico sustentable en la comarca rural los Fierros, municipio del crucero, departamento de Managua |
| 260 | |a Managua |b UNI |c 2013 | ||
| 300 | |a 93 p. :il. | ||
| 502 | |a Tesis (Arquitecto) - UNI, 2013. | ||
| 520 | 3 | |a Estudio el potencial paisajístico y un planeamiento preliminar territorial, presenta una caracterización general del territorio en cuanto a su ubicación condicionante de surgimiento y diagnóstico de potencialidades que posibilite elaborar los lineamientos para el mejoramiento de la calidad ambiental y el aprovechamiento del potencial paisajístico. | |
| 650 | 7 | |a PLANES - PLANIFICACION LOCAL - COMARCA LOS FIERROS - MUNCIPIO CRUCERO DESARROLLO TURÍSTICO | |
| 650 | 7 | |b DESARROLLO SOSTENIBLE - ECONÓMICO - ASPECTO AMBIENTALES | |
| 650 | 7 | |c GESTIÓN AMBIENTAL - MEDIO AMBIENTE | |
| 700 | 1 | |a Tutor: |b Gómez Ortega, Graciela Dionides | |
| 942 | |c BK |2 ddc | ||
| 991 | |a TESIS | ||
| 999 | |c 21981 | ||